| 000 | 00610nam a2200169 4500 | ||
|---|---|---|---|
| 001 | 132207 | ||
| 003 | ES-MaACL | ||
| 005 | 20230906194128.0 | ||
| 007 | t| | ||
| 008 | 070214s1971 sp r ||||1| spa d | ||
| 100 | 1 |
_aRodríguez Zapico, Arsenio. _998881 |
|
| 245 | 1 | 0 |
_aSistema para el tratamiento de la información en Medicina de empresa / _cArsenio Rodríguez Zapico, José Luis Sánchez Sotés. |
| 260 |
_aLeón : _bSociedad Anónima Hullera Vasco-Leonesa, _c1971. |
||
| 300 |
_a124 p. ; _c31 cm + _e6 h. pleg. |
||
| 700 | 1 |
_aSánchez Sotés, José Luis. _9102942 |
|
| 852 |
_aES-MaACL _jC-41676 _bR.79360 |
||
| 999 |
_c132207 _d132207 |
||